Štúdium tepelných podmienok samovznietenia tuhých materiálov
Enregistré dans:
| Auteur principal: | |
|---|---|
| Autres auteurs: | |
| Format: | Manuscrit Livre |
| Langue: | slovaque |
| Publié: |
Trnava :
STU v Bratislave MTF UBEI,
2012
|
| Sujets: | |
| Accès en ligne: | VAIS |
| Tags: |
Pas de tags, Soyez le premier à ajouter un tag!
|
MARC
| LEADER | 00000ntm a22000003a 4500 | ||
|---|---|---|---|
| 001 | stu253835 | ||
| 005 | 20150617230229.0 | ||
| 008 | 120831s2012----xo------------------slo-d | ||
| 040 | |a STU |b slo | ||
| 041 | 0 | |a slo | |
| 044 | |a xo | ||
| 100 | 1 | |a Hrušovský, Ivan, |d 1985- |4 aut |u M5000 |U MTF Materiálovotechnologická fakulta |T MTF Ústav bezpečnosti, environmentu a kvality |X 32999 |U M5000 |Y 85 |7 A000032999 | |
| 242 | 0 | 0 | |a Investigation of thermal conditions of self-ignition of solids. |y eng |
| 245 | 1 | |a Štúdium tepelných podmienok samovznietenia tuhých materiálov | |
| 260 | |a Trnava : |b STU v Bratislave MTF UBEI, |c 2012 | ||
| 300 | |a 143 s |c príl | ||
| 500 | |a Študijný odbor: 8.3.5 bezpečnosť a ochrana zdravia pri práci | ||
| 500 | |a Študijný program: integrovaná bezpečnosť | ||
| 650 | 7 | |a integrovaná bezpečnosť |2 stusub | |
| 650 | 7 | |a Integrated Safety |2 estusub | |
| 700 | 1 | |a Balog, Karol, |d 1949- |4 ths |u M5000 |U MTF Materiálovotechnologická fakulta |T MTF Ústav bezpečnosti, environmentu a kvality |X 243 |U M5000 |Y 85 |7 A000000243 | |
| 856 | 4 | |a info a plný text |u http://is.stuba.sk/zp/portal_zp.pl?podrobnosti=66792 |3 VAIS | |
| 996 | |c M*DzP-361 |l MMSKP |s P |a 0 |w stu253835_0001 | ||